Olympischer Medaillenspiegel - St. Louis 1904 - Statistiken

Allgemein
  • Dieses Quiz wurde 15 mal gespielt
  • Das Durchschnittsergebnis liegt bei 6 aus 10
Antwortstatistiken
Gold Silber Bronze Gesamt Land % Korrekt
4 4 5 13 Deutschland
100%
78 82 79 239 Vereinigte Staaten
100%
1 1 0 2 Großbritannien
87%
4 1 1 6 Kanada
87%
1 0 1 2 Schweiz
60%
2 1 1 4 Ungarn
60%
0 0 1 1 Österreich
53%
1 0 1 2 Griechenland
40%
1 1 0 2 Gemischte Mannschaft
33%
4 2 3 9 Kuba
27%
Keine übereinstimmenden Quizze gefunden
Verteilung der Resultate
Anzahl Personen mit jedem Resultat
Perzentil nach korrekt beantworteten Fragen
Ihre Resultats-Entwicklung
Sie haben dieses Quiz noch nicht gespielt